Artystka

Titel: Artystka : Anna Bilińska 1854-1893 / [koncepcja katalogu i redakcja naukowa Agnieszka Bagińska, Renata Higersberger]
Beteiligt: ;
Körperschaft:
Veröffentlicht: Warszawa : Muzeum Narodowe w Warszawie, 2021
Umfang: 379 Seiten : Illustrationen, Porträts ; 31 cm
Format: Buch
Sprache: Polnisch
Schlagworte:
ISBN: 9788371004636
Buchumschlag
X
alg: 54235246
001A    $03004:23-02-26 
001B    $03004:23-02-26 $t12:25:49.000 
001D    $03004:23-02-26 
001U    $0utf8 
001X    $00 
002@    $0Aau 
002C    $aText $btxt $2rdacontent 
002C    $aunbewegtes Bild $bsti $2rdacontent 
002D    $aohne Hilfsmittel zu benutzen $bn $2rdamedia 
002E    $aBand $bnc $2rdacarrier 
003@    $054235246X 
004A    $A978-83-7100-463-6 
006C    $01284802194 $aOCoLC 
007A    $0BV047556985 $aBVB 
010@    $apol 
010E    $erda 
011@    $a2021 $n2021 
013D    $RKatalog $#Exhibition catalogs $#Expositions $#Cataloghi di esposizioni $#Ausstellungskatalog $74135467-9 $8Ausstellungskatalog [Tsz] $9085499846 
021A    $aArtystka $dAnna Bilińska 1854-1893 $h[koncepcja katalogu i redakcja naukowa Agnieszka Bagińska, Renata Higersberger] 
027A    $aArtystka Anna Bilińska 1854-1893 
027A/01 $aAnna Bilińska 
028C    $BHerausgeber $4edt $71031746005 $8Bagińska, Agnieszka [Tp3] $9318310856 
028C    $BHerausgeber $4edt $7 $8Wójcik-Higersberger, Renata [Tnu] $9542352443 
029F    $BHerausgebendes Organ $#MW $#The @National Museum in Warsaw $#Musée National Warschau $#National-Museum Warschau $#National Museum Warschau $#Museo Warschau $#Nationaal Museum Warschau $#Museo Nazionale Warschau $#Museo Nacional Varsovia $#Museo Nacional Warschau $#Nacionalʹnyj Muzej $#MNW $#Nationalmuseum Warschau $#Varšuvos Nacionalinis Muziejus $#Musée National de Varsovie $#Musée National Warszawa $#Państwowe Muzeum Narodowe w Warszawie $#Museo nazionale di Varsavia $#NMW National Museum, Warszawa $#National Museum of Warsaw $#National Museum Warszawa $#Nationalmuseum Warszawa $#Muzeum Narodowe Warszawa $#National Museum in Warsaw $#National-Museum Warszawa $#Musee du Sport a Varsovie $4isb $71008386-8 $8Muzeum Narodowe w Warszawie [Tb1] $9041912837 
033A    $pWarszawa $nMuzeum Narodowe w Warszawie 
034D    $a379 Seiten 
034I    $a31 cm 
034M    $aIllustrationen, Porträts 
037A    $aWystawa: Muzeum Narodowe w Warszawie, 26 czerwca - 10 października 2021 r 
044K    $qBVB $#Bohdanowicz, Anna Bilińska- $#Bohdanowiczowa, Anna $#Bilinska, Anna $#Bilińska, Anna $#Bilińska-Bohdanowiczowa, Anna $71036492192 $8Bilińska-Bohdanowicz, Anna$Z1854-1893 [Tp1] $9323067808 
045F    $a709.43809034 $eDDC22BSB 
045F/01 $a709 
045F/03 $f09034 
045F/03 $g438 
045G    $a929.0943809034 $eDDC22BSB 
045G/01 $a929 
045G/03 $f09034 
045G/03 $g438 

lok: 54235246 24

exp: 54235246 24 1 #EPN
201B/01 $009-03-26 $t13:09:11.000 
201C/01 $023-02-26 
201U/01 $0utf8 
203@/01 $01335485791 
208@/01 $a23-02-26 $bz 
209A/01 $a26.00835 $du $f050 $h26 00835 $x00 
209C/01 $a26.00835 T $h26 00835 T 
209G/01 $a74965601 $x00 
220C/01 $ajwa/bar 
247C/01 $8358050-7 Marburg, Bibliothek des Herder-Instituts Marburg $9102600961
LEADER 00000cam a2200000 c 4500
001 54235246X
003 DE-603
005 20260223122549.0
007 tu
008 260223s2021 xx |||| | u00||u|pol c
020 |a 9788371004636 
035 |a (DE-599)BVBBV047556985 
040 |a DE-603  |b ger  |c DE-603  |d DE-603  |e rda 
041 |a pol 
082 0 4 |8 1\u  |a 709.43809034  |q DE-101  |2 22/BSB 
083 0 |8 2\u  |a 929.0943809034  |q DE-101  |2 22/BSB 
085 |8 1\u  |b 709 
085 |8 1\u  |z 1  |s 09034 
085 |8 1\u  |z 2  |s 438 
085 |8 2\u  |b 929 
085 |8 2\u  |z 1  |s 09034 
085 |8 2\u  |z 2  |s 438 
245 0 0 |a Artystka  |b Anna Bilińska 1854-1893  |c [koncepcja katalogu i redakcja naukowa Agnieszka Bagińska, Renata Higersberger] 
246 1 3 |a Artystka Anna Bilińska 1854-1893 
246 1 3 |a Anna Bilińska 
264 1 |a Warszawa  |b Muzeum Narodowe w Warszawie  |c 2021 
300 |a 379 Seiten  |b Illustrationen, Porträts  |c 31 cm 
336 |a Text  |b txt  |2 rdacontent 
336 |a unbewegtes Bild  |b sti  |2 rdacontent 
337 |a ohne Hilfsmittel zu benutzen  |b n  |2 rdamedia 
338 |a Band  |b nc  |2 rdacarrier 
500 |a Wystawa: Muzeum Narodowe w Warszawie, 26 czerwca - 10 października 2021 r 
600 1 7 |a Bilińska-Bohdanowicz, Anna  |d 1854-1893  |0 (DE-588)1036492192  |0 (DE-603)323067808  |2 gnd 
655 7 |a Ausstellungskatalog  |2 gnd-content  |0 (DE-588)4135467-9  |0 (DE-603)085499846 
700 1 |a Bagińska, Agnieszka  |e Herausgeber  |4 edt  |0 (DE-603)318310856  |0 (DE-588)1031746005  |2 gnd 
700 1 |a Wójcik-Higersberger, Renata  |e Herausgeber  |4 edt  |0 (DE-603)542352443 
710 2 |a Muzeum Narodowe w Warszawie  |e Herausgebendes Organ  |4 isb  |0 (DE-603)041912837  |0 (DE-588)1008386-8  |2 gnd 
924 0 |9 Mb 50  |a (DE-603)1335485791  |b DE-Mb50  |c HES  |d c  |g 26.00835